| 000 | 00946pam a2200265 a 4500 | ||
|---|---|---|---|
| 999 |
_c593 _d593 |
||
| 001 | 1743 | ||
| 003 | BD-DhUAP | ||
| 005 | 20200125125057.0 | ||
| 008 | 931116s1994 nyua b 001 0 eng | ||
| 020 | _a0060402946 | ||
| 040 |
_aDLC _cDLC _dBD-DhUAP |
||
| 050 | 0 | 0 |
_aHM251 _b.A794 1994 |
| 082 | 0 | 0 |
_a302 ARO _223 |
| 100 | 1 | _aAronson, Elliot. | |
| 245 | 1 | 0 |
_aSocial psychology : _bthe heart and the mind / _cElliot Aronson, Timothy D. WIlson and Robin M. Akert. |
| 260 |
_aNew York, NY : _bHarperCollins College Publishers, _cc1994. |
||
| 300 |
_avarious pages : _billustrations ; _c26 cm. |
||
| 504 | _aIncludes bibliographical references and indexes. | ||
| 650 | 0 | _aSocial psychology. | |
| 700 | 1 | _aWilson, Timothy D. | |
| 700 | 1 | _aAkert, Robin M. | |
| 906 |
_a7 _bcbc _corignew _d1 _eocip _f19 _gy-gencatlg |
||
| 942 |
_2ddc _cBK |
||